|
|
|
|
| LEADER |
00000nab a2200000 a 4500 |
| 001 |
vtls000612009 |
| 003 |
SK-MaSNL |
| 005 |
20260304085010.0 |
| 008 |
250425c1995 xo 0 slo |
| 015 |
|
|
|a SNBRA19rr/mm-uuuuu
|
| 035 |
|
|
|a CL0612148
|
| 035 |
|
|
|a urn:nbn:sk:snk-abfxb
|
| 035 |
|
|
|a (urnnbn)urn:nbn:sk:snk:ar-a04d43
|
| 035 |
|
|
|a (uuid)87dbc1f7-86e9-497a-a81b-4e48c2c7df2b
|
| 040 |
|
|
|a SNKBUCL
|b slo
|c SNKBUCL
|e AACR2
|
| 041 |
0 |
|
|a slo
|
| 044 |
|
|
|a xo
|c SK
|
| 080 |
|
|
|a 903.3/.4(437.6)"634/636":902
|2 1981
|
| 080 |
|
|
|a 902
|2 1981
|
| 100 |
1 |
|
|a Bánesz, Ladislav,
|d 1932-2000
|4 aut
|9 115522
|
| 245 |
1 |
0 |
|a Sídlisko lengyelskej kultúry v Golianove
|c Ladislav Bánesz, Gabriel Nevizánsky
|
| 300 |
|
|
|b Res. nem., lit. 1 zázn. v nem.
|
| 650 |
0 |
7 |
|a sídliská
|2 snkbucl
|9 26585
|
| 650 |
0 |
7 |
|a lengyelská kultúra
|2 snkbucl
|9 73753
|
| 651 |
|
7 |
|a Golianovo (Slovensko)
|2 snkbucl
|9 240211
|
| 655 |
|
7 |
|a články zo zborníkov
|2 snkbucl
|9 166140
|
| 700 |
1 |
|
|a Nevizánsky, Gabriel,
|d 1949-
|4 aut
|9 102642
|
| 773 |
0 |
|
|t Archeologické výskumy a nálezy na Slovensku v roku 1993
|d Nitra : Archeologický ústav SAV, 1995
|g S. 23-24
|z 8088709164
|
| 850 |
|
|
|a Slovenská národná knižnica
|
| 852 |
|
|
|a Slovenská národná knižnica
|
| 954 |
|
|
|a odborná, vedecká literatúra pôvodná (slovenská)
|2 lita
|
| 957 |
|
|
|a 5206
|
| 958 |
|
|
|a article27
|
| 958 |
|
|
|a SK
|
| 958 |
|
|
|a RK
|
| 958 |
|
|
|a OND
|
| 958 |
|
|
|a EUIPO
|
| 999 |
|
|
|c 2805949
|d 2807879
|